<?xml version="1.0" encoding="UTF-8"?>
<record
    xmlns:xsi="http://www.w3.org/2001/XMLSchema-instance"
    xsi:schemaLocation="http://www.loc.gov/MARC21/slim http://www.loc.gov/standards/marcxml/schema/MARC21slim.xsd"
    xmlns="http://www.loc.gov/MARC21/slim">

  <leader>02454nam0a22003491  4500</leader>
  <controlfield tag="001">v19\rc\1718854</controlfield>
  <controlfield tag="005">20260407063022.0</controlfield>
  <datafield tag="035" ind1=" " ind2=" ">
    <subfield code="a">(NLR Aleph) 004817007</subfield>
  </datafield>
  <datafield tag="090" ind1=" " ind2=" ">
    <subfield code="a">4982388</subfield>
    <subfield code="c">4982388</subfield>
  </datafield>
  <datafield tag="100" ind1=" " ind2=" ">
    <subfield code="a">20061002d1900    |||y0rusy50      ca</subfield>
  </datafield>
  <datafield tag="101" ind1="0" ind2=" ">
    <subfield code="a">rus</subfield>
  </datafield>
  <datafield tag="102" ind1=" " ind2=" ">
    <subfield code="a">RU</subfield>
  </datafield>
  <datafield tag="105" ind1=" " ind2=" ">
    <subfield code="a">y   z   |||||</subfield>
  </datafield>
  <datafield tag="200" ind1="1" ind2=" ">
    <subfield code="a">&#x414;&#x440;&#x435;&#x432;&#x43D;&#x438;&#x439; &#x437;&#x430;&#x43F;&#x440;&#x435;&#x441;&#x442;&#x43E;&#x43B;&#x44C;&#x43D;&#x44B;&#x439; &#x43A;&#x440;&#x435;&#x441;&#x442; &#x432; &#x433;&#x43E;&#x440;. &#x41F;&#x435;&#x440;&#x435;&#x441;&#x43B;&#x430;&#x432;&#x43B;&#x435;-&#x417;&#x430;&#x43B;&#x435;&#x441;&#x441;&#x43A;&#x43E;&#x43C;</subfield>
  </datafield>
  <datafield tag="210" ind1=" " ind2=" ">
    <subfield code="a">[&#x412;&#x43B;&#x430;&#x434;&#x438;&#x43C;&#x438;&#x440;</subfield>
    <subfield code="d">1900]</subfield>
  </datafield>
  <datafield tag="215" ind1=" " ind2=" ">
    <subfield code="a">52 &#x441;.</subfield>
  </datafield>
  <datafield tag="300" ind1=" " ind2=" ">
    <subfield code="a">&#x412; &#x43A;&#x43E;&#x43D;&#x446;&#x435; &#x43F;&#x435;&#x440;&#x432;&#x43E;&#x439; &#x441;&#x442;&#x430;&#x442;&#x44C;&#x438; &#x430;&#x432;&#x442;.: &#x43F;&#x440;&#x43E;&#x442;. &#x410;&#x43B;&#x435;&#x43A;&#x441;&#x430;&#x43D;&#x434;&#x440; &#x421;&#x432;&#x438;&#x440;&#x435;&#x43B;&#x438;&#x43D;</subfield>
  </datafield>
  <datafield tag="300" ind1=" " ind2=" ">
    <subfield code="a">&#x41D;&#x430;&#x43F;&#x435;&#x447;. &#x442;&#x430;&#x43A;&#x436;&#x435; &#x432;: &#x422;&#x440;. &#x412;&#x43B;&#x430;&#x434;&#x438;&#x43C;. &#x443;&#x447;. &#x430;&#x440;&#x445;. &#x43A;&#x43E;&#x43C;. 1900, &#x43A;&#x43D;. 2</subfield>
  </datafield>
  <datafield tag="309" ind1=" " ind2=" ">
    <subfield code="a">&#x411;&#x435;&#x437; &#x442;&#x438;&#x442;. &#x43B;. &#x438; &#x43E;&#x431;&#x43B;.</subfield>
  </datafield>
  <datafield tag="311" ind1=" " ind2=" ">
    <subfield code="a">&#x41F;&#x440;&#x438;&#x431;&#x430;&#x432;&#x43B;. &#x43A; &#x2116;11 "&#x412;&#x43B;&#x430;&#x434;&#x438;&#x43C;. &#x433;&#x443;&#x431;. &#x432;&#x435;&#x434;.", &#x43D;&#x435;&#x43E;&#x444;. &#x447;., 17 &#x43C;&#x430;&#x440;&#x442;&#x430; 1900 &#x433;.</subfield>
  </datafield>
  <datafield tag="422" ind1=" " ind2="0">
    <subfield code="1">2001#$a&#x412;&#x43B;&#x430;&#x434;&#x438;&#x43C;&#x438;&#x440;&#x441;&#x43A;&#x438;&#x435; &#x433;&#x443;&#x431;&#x435;&#x440;&#x43D;&#x441;&#x43A;&#x438;&#x435; &#x432;&#x435;&#x434;&#x43E;&#x43C;&#x43E;&#x441;&#x442;&#x438;$e&#x41D;&#x435;&#x43E;&#x444;. &#x447;.$v1900, 17 &#x43C;&#x430;&#x440;&#x442;&#x430;, &#x2116; 11</subfield>
    <subfield code="t">&#x412;&#x43B;&#x430;&#x434;&#x438;&#x43C;&#x438;&#x440;&#x441;&#x43A;&#x438;&#x435; &#x433;&#x443;&#x431;&#x435;&#x440;&#x43D;&#x441;&#x43A;&#x438;&#x435; &#x432;&#x435;&#x434;&#x43E;&#x43C;&#x43E;&#x441;&#x442;&#x438;</subfield>
  </datafield>
  <datafield tag="423" ind1=" " ind2="0">
    <subfield code="1">1010#$arus</subfield>
    <subfield code="1">2001#$a&#x418;&#x437; &#x438;&#x441;&#x442;&#x43E;&#x440;&#x438;&#x438; &#x421;&#x443;&#x437;&#x434;&#x430;&#x43B;&#x44C;&#x441;&#x43A;&#x43E;&#x433;&#x43E; &#x421;&#x43F;&#x430;&#x441;&#x43E;-&#x415;&#x432;&#x444;&#x438;&#x43C;&#x438;&#x435;&#x432;&#x430; &#x43C;&#x43E;&#x43D;&#x430;&#x441;&#x442;&#x44B;&#x440;&#x44F;$e&#x41F;&#x43E; &#x434;&#x435;&#x43B;&#x430;&#x43C; &#x41A;&#x430;&#x43D;&#x446;&#x435;&#x43B;&#x44F;&#x440;&#x438;&#x438; &#x432;&#x43B;&#x430;&#x434;&#x438;&#x43C;&#x438;&#x440;. &#x433;&#x443;&#x431;&#x435;&#x440;&#x43D;&#x430;&#x442;&#x43E;&#x440;&#x430; &#x437;&#x430; 1820 &#x438; 1821 &#x433;. &#x437;&#x430; &#x2116;&#x2116; 553 &#x438; 56$f&#x414;. &#x447;&#x43B;. &#x41D;&#x438;&#x43A;. &#x41C;&#x430;&#x43A;&#x43B;&#x430;&#x43A;&#x43E;&#x432;</subfield>
    <subfield code="1">700#1$a&#x41C;&#x430;&#x43A;&#x43B;&#x430;&#x43A;&#x43E;&#x432;$b&#x41D;.&#x410;.$f1871-1918$g&#x41D;&#x438;&#x43A;&#x43E;&#x43B;&#x430;&#x439; &#x410;&#x43B;&#x435;&#x43A;&#x441;&#x435;&#x435;&#x432;&#x438;&#x447;</subfield>
    <subfield code="t">&#x418;&#x437; &#x438;&#x441;&#x442;&#x43E;&#x440;&#x438;&#x438; &#x421;&#x443;&#x437;&#x434;&#x430;&#x43B;&#x44C;&#x441;&#x43A;&#x43E;&#x433;&#x43E; &#x421;&#x43F;&#x430;&#x441;&#x43E;-&#x415;&#x432;&#x444;&#x438;&#x43C;&#x438;&#x435;&#x432;&#x430; &#x43C;&#x43E;&#x43D;&#x430;&#x441;&#x442;&#x44B;&#x440;&#x44F;</subfield>
    <subfield code="a">&#x41C;&#x430;&#x43A;&#x43B;&#x430;&#x43A;&#x43E;&#x432;, &#x41D;&#x438;&#x43A;&#x43E;&#x43B;&#x430;&#x439; &#x410;&#x43B;&#x435;&#x43A;&#x441;&#x435;&#x435;&#x432;&#x438;&#x447; (1871-1918)</subfield>
  </datafield>
  <datafield tag="423" ind1=" " ind2="0">
    <subfield code="1">1010#$arus</subfield>
    <subfield code="1">2001#$a&#x41A; &#x438;&#x441;&#x442;&#x43E;&#x440;&#x438;&#x447;&#x435;&#x441;&#x43A;&#x43E;&#x439; &#x442;&#x43E;&#x43F;&#x43E;&#x433;&#x440;&#x430;&#x444;&#x438;&#x438; &#x433;&#x43E;&#x440;&#x43E;&#x434;&#x430; &#x412;&#x43B;&#x430;&#x434;&#x438;&#x43C;&#x438;&#x440;&#x430; &#x43D;&#x430; &#x41A;&#x43B;&#x44F;&#x437;&#x44C;&#x43C;&#x435;$f&#x414;. &#x43F;&#x43E;&#x436;&#x438;&#x437;&#x43D;&#x435;&#x43D;. &#x447;&#x43B;. &#x410;. &#x411;&#x443;&#x43D;&#x438;&#x43D;</subfield>
    <subfield code="1">700#1$a&#x411;&#x443;&#x43D;&#x438;&#x43D;$b&#x410;.&#x418;.$g&#x410;&#x43B;&#x435;&#x43A;&#x441;&#x435;&#x439; &#x418;&#x432;&#x430;&#x43D;&#x43E;&#x432;&#x438;&#x447;</subfield>
    <subfield code="t">&#x41A; &#x438;&#x441;&#x442;&#x43E;&#x440;&#x438;&#x447;&#x435;&#x441;&#x43A;&#x43E;&#x439; &#x442;&#x43E;&#x43F;&#x43E;&#x433;&#x440;&#x430;&#x444;&#x438;&#x438; &#x433;&#x43E;&#x440;&#x43E;&#x434;&#x430; &#x412;&#x43B;&#x430;&#x434;&#x438;&#x43C;&#x438;&#x440;&#x430; &#x43D;&#x430; &#x41A;&#x43B;&#x44F;&#x437;&#x44C;&#x43C;&#x435;</subfield>
    <subfield code="a">&#x411;&#x443;&#x43D;&#x438;&#x43D;, &#x410;&#x43B;&#x435;&#x43A;&#x441;&#x435;&#x439; &#x418;&#x432;&#x430;&#x43D;&#x43E;&#x432;&#x438;&#x447;</subfield>
  </datafield>
  <datafield tag="532" ind1="1" ind2="2">
    <subfield code="a">&#x414;&#x440;&#x435;&#x432;&#x43D;&#x438;&#x439; &#x437;&#x430;&#x43F;&#x440;&#x435;&#x441;&#x442;&#x43E;&#x43B;&#x44C;&#x43D;&#x44B;&#x439; &#x43A;&#x440;&#x435;&#x441;&#x442; &#x432; &#x433;&#x43E;&#x440;&#x43E;&#x434;&#x435; &#x41F;&#x435;&#x440;&#x435;&#x441;&#x43B;&#x430;&#x432;&#x43B;&#x435;-&#x417;&#x430;&#x43B;&#x435;&#x441;&#x441;&#x43A;&#x43E;&#x43C;</subfield>
  </datafield>
  <datafield tag="700" ind1=" " ind2="1">
    <subfield code="a">&#x421;&#x432;&#x438;&#x440;&#x435;&#x43B;&#x438;&#x43D;</subfield>
    <subfield code="b">&#x410;.&#x418;.</subfield>
    <subfield code="f">1830-1906</subfield>
    <subfield code="g">&#x410;&#x43B;&#x435;&#x43A;&#x441;&#x430;&#x43D;&#x434;&#x440; &#x418;&#x432;&#x430;&#x43D;&#x43E;&#x432;&#x438;&#x447;</subfield>
  </datafield>
  <datafield tag="712" ind1="0" ind2="2">
    <subfield code="a">&#x421;&#x443;&#x437;&#x434;&#x430;&#x43B;&#x44C;&#x441;&#x43A;&#x438;&#x439; &#x421;&#x43F;&#x430;&#x441;&#x43E;-&#x415;&#x432;&#x444;&#x438;&#x43C;&#x44C;&#x435;&#x432; &#x43C;&#x43E;&#x43D;&#x430;&#x441;&#x442;&#x44B;&#x440;&#x44C;</subfield>
    <subfield code="3">RU\NLR\AUTH\8810030277</subfield>
    <subfield code="9">559084</subfield>
  </datafield>
  <datafield tag="801" ind1=" " ind2="0">
    <subfield code="a">RU</subfield>
    <subfield code="b">NLR</subfield>
    <subfield code="g">psbo</subfield>
  </datafield>
  <datafield tag="801" ind1=" " ind2="0">
    <subfield code="a">RU</subfield>
    <subfield code="b">RuMoRGB</subfield>
    <subfield code="2">psbo</subfield>
  </datafield>
  <datafield tag="801" ind1=" " ind2="1">
    <subfield code="a">RU</subfield>
    <subfield code="b">ProSoft-M</subfield>
    <subfield code="2">rusmarc</subfield>
  </datafield>
  <datafield tag="852" ind1=" " ind2=" ">
    <subfield code="a">NLR</subfield>
    <subfield code="j">20.58.3.152</subfield>
  </datafield>
  <datafield tag="942" ind1=" " ind2=" ">
    <subfield code="c">BOOK</subfield>
  </datafield>
  <datafield tag="980" ind1=" " ind2=" ">
    <subfield code="a">NB</subfield>
  </datafield>
  <datafield tag="995" ind1=" " ind2=" ">
    <subfield code="5">2013-10-26</subfield>
    <subfield code="b">NLR02</subfield>
    <subfield code="c">NLR02</subfield>
    <subfield code="e">RFS</subfield>
    <subfield code="f">4817007-10</subfield>
    <subfield code="k">20.58.3.152</subfield>
    <subfield code="o">0</subfield>
    <subfield code="r">BOOK</subfield>
    <subfield code="s">20583152_</subfield>
  </datafield>
</record>
